000 01098nam a2200337 c 4500
001
003
005 20220627074441.0
008 140109s1992 sp a | |||| 001 0 spa
015 _a
020 _a8477645973 (v.4)
_q
040 _aBPMSU
_bspa
_cBPMSU
_e
082 _a920
_bG752b 1992
_222
245 0 0 _aGrandes biografías /
_cdirección Carlos Gispert ; dirección de obra Sebastián Puigserver ; redacción de textos Alejandro Montiel, Marcelo Pascual ; maqueta e ilustración Esther Amigó.
260 _aBarcelona :
_bOcéano,
_c1992
300 _av. ;
_bil. col. y n., mapas
_c27 cm
_e
337 _2
500 _aIncluye índices
505 0 _av.4 Gandhi, Mohandas Karamchand ; Lennon, John.
590 _6Inventariado, 2022/VM
650 4 _aBiografías
_ySiglo XX
_2
650 4 _aPersonajes
_vBiografías.
700 1 _aPascual,Marcelo;
700 1 _aMontiel, Alejandro,
_d1959-
700 1 _aGispert, Carlos
_edirección
700 1 _aAmigó, Esther
_e ilustraciones
710 2 _aGrupo Océano
910 _aVMateo V.
942 _2ddc
_cBK
956 _a2
999 _c14231
_d14231